000
00311nam a22001337a 4500
008
171016b xxu||||| |||| 00| 0 eng d
020
_a
9780395898208
041
_a
eng
080
_a
33
100
_a
52
101
_a
ECO
245
_a
CONTEMPORARY BUSSINESS COMMUNICATION
_c
AUGUSTIN.H.M
942
_2
udc
_c
BK
999
_c
34147
_d
34147